|
|
|
|
| LEADER |
00000nab a2200000 ar4500 |
| 001 |
vtls009938223 |
| 003 |
SK-MaSNL |
| 005 |
20260303045040.0 |
| 008 |
090810c2009 xo |||||| | ||00 b|slo |
| 015 |
|
|
|a SNBRB2009/08
|2 snkbucl
|
| 038 |
|
|
|a SNKBUCL
|
| 040 |
|
|
|a SNKBUCL
|b slo
|c SNKBUCL
|e AACR2
|
| 041 |
0 |
|
|a slo
|
| 044 |
|
|
|a xo
|c SK
|
| 080 |
|
|
|a 94(=16)
|2 2001
|
| 080 |
|
|
|a 82-34
|2 2001
|
| 100 |
1 |
|
|a Zvrškovec, Alexander František,
|d 1948-
|4 aut
|
| 245 |
1 |
0 |
|a Sága o Jomsvikingoch
|b Slovania po roku 600
|c A. F. Zvrškovec
|
| 246 |
3 |
|
|a Slovania po roku 600
|
| 300 |
|
|
|b Fotogr.
|
| 650 |
0 |
7 |
|a Slovania
|x dejiny
|2 snkbucl
|9 266119
|
| 650 |
0 |
7 |
|a Jomsvikingovia
|x dejiny
|2 snkbucl
|9 1035069
|
| 655 |
|
7 |
|a povesti
|2 snkbucl
|9 70552
|
| 655 |
|
7 |
|a ságy
|2 snkbucl
|9 477443
|
| 773 |
0 |
|
|t Vitalita
|g Č. 1 (2009), s. 34-35
|x 1335-9134
|
| 852 |
|
|
|a SNK
|b KIS3GCP
|
| 958 |
|
|
|a SS
|
| 958 |
|
|
|a LX
|
| 999 |
|
|
|c 1702373
|d 1704303
|